000 00679nam a2200241Ia 4500
005 20260430150400.0
008 008 250103s9999 xx 000 0 eng d
037 _aTheses
040 _aCRL
040 _beng
040 _ceng
041 _2eng
041 _aeng
084 _qCRL
100 _aVivek Kumar Au.; Singh Ompal Gu.
_91237327
245 0 _aModeling Software Reliability and Optimizing Release Timed Policies for Software Products
260 _c2023
300 _a205p.
650 _aOperations Research
700 _aUniversity of Delhi. Faculty of Mathematical Sciences. Deptt. of Operational Research
942 _cTH
999 _c1849651
_d1849651